<?xml version="1.0" encoding="UTF-8"?>
<collection xmlns="http://www.loc.gov/MARC21/slim">
 <record>
  <leader>00604pamaa2200181   4500</leader>
  <controlfield tag="001">0000050734</controlfield>
  <controlfield tag="005">20121219090000.0</controlfield>
  <datafield tag="020" ind1="0" ind2="0">
   <subfield code="a">1590560345 (pbk) </subfield>
  </datafield>
  <datafield tag="090" ind1="0" ind2="0">
   <subfield code="a">BQ4235 </subfield>
   <subfield code="b">YIF 2002</subfield>
  </datafield>
  <datafield tag="100" ind1="1" ind2="0">
   <subfield code="a">Yifa </subfield>
  </datafield>
  <datafield tag="245" ind1="1" ind2="0">
   <subfield code="a">Safeguarding the heart : </subfield>
   <subfield code="b">a Buddhist response to suffering and September 11  </subfield>
   <subfield code="c">Yifa.</subfield>
  </datafield>
  <datafield tag="260" ind1="0" ind2="0">
   <subfield code="a">New York: </subfield>
   <subfield code="b">Lantern Books, </subfield>
   <subfield code="c">2002.</subfield>
  </datafield>
  <datafield tag="300" ind1=" " ind2=" ">
   <subfield code="a">xii, 130 p.; </subfield>
   <subfield code="c">22 cm.</subfield>
  </datafield>
  <datafield tag="501" ind1="0" ind2="0">
   <subfield code="a">COLAL</subfield>
  </datafield>
  <datafield tag="650" ind1="0" ind2="0">
   <subfield code="a">Suffering -- </subfield>
   <subfield code="x">Religious aspects -- </subfield>
   <subfield code="x">Buddhism </subfield>
  </datafield>
  <datafield tag="650" ind1="0" ind2="0">
   <subfield code="a">Terrorism -- </subfield>
   <subfield code="x">Religious aspects -- </subfield>
   <subfield code="x">Buddhism </subfield>
  </datafield>
  <datafield tag="650" ind1="0" ind2="0">
   <subfield code="a">September 11 Terrorist Attacks, 2001 </subfield>
  </datafield>
  <datafield tag="650" ind1="0" ind2="0">
   <subfield code="a">Buddhism -- </subfield>
   <subfield code="x">Doctrines </subfield>
  </datafield>
 </record>
</collection>
